| 000 | 00457nam a2200193Ia 4500 | ||
|---|---|---|---|
| 008 | 170705s9999 xx 000 0 und d | ||
| 020 | _a9780439754064 | ||
| 245 | _aKids in the spotlight / | ||
| 245 | _cMaimouna Cavasin. | ||
| 260 | _aNew York : | ||
| 260 | _bScholastic, | ||
| 260 | _c2006 | ||
| 300 | _a8 pages : | ||
| 300 | _bcolor illustration ; | ||
| 300 | _c23cm. | ||
| 440 | _aScholastic FX books ; | ||
| 440 | _vbook 9. | ||
| 500 | _a350 | ||
| 999 |
_c335537 _d335537 |
||